| 000 | 007850000a22002290004500 | ||
|---|---|---|---|
| 020 | _a958-692-704-0 | ||
| 041 | 0 | _aSPA | |
| 082 | 0 | 4 | _aG 270 P298p |
| 100 | 1 | _aPatiño Franco, José Uriel | |
| 245 | 1 | 0 | _aLos padres de la Iglesia : una tradición como búsqueda teológica : apuntes de patrología / José Uriel Patiño F. |
| 260 | _aBogotá, Colombia : San Pablo | ||
| 300 | _a159 p. | ||
| 440 | 0 | _aCol. Historia Eclesiástica | |
| 501 | _arústico | ||
| 505 | 0 | 0 | _aCaminando hacia los padres - Caminando con los padres - Caminando a la luz de los padres |
| 650 | 1 | 4 | _aPATRISTICA \ PADRES DE LA IGLESIA \ IGLESIA - HISTORIA |
| 001 | 18243 | ||
| 942 | _cBK | ||
| 999 |
_c44707 _d44707 |
||
| 336 |
_atexto _btxt _2rdacontent |
||
| 337 |
_2rdamedia _asin mediación _bn |
||
| 338 |
_2rdacarrier _avolumen _bnc |
||